Bổ sung một giống, 5 loài bọ xít thuộc phân họ coreinae (Conreidae - Heteroptera) cho Việt Nam /

সংরক্ষণ করুন:
গ্রন্থ-পঞ্জীর বিবরন
প্রধান লেখক: Đặng Đức Khương.
বিন্যাস: প্রবন্ধ
ভাষা:Vietnamese
বিষয়গুলি:
ট্যাগগুলো: ট্যাগ যুক্ত করুন
কোনো ট্যাগ নেই, প্রথমজন হিসাবে ট্যাগ করুন!
Thư viện lưu trữ: Thư viện Trường Đại học Đà Lạt
LEADER 00794nam a2200265 4500
001 DLU110119328
005 ##20110405
040 # # |a DLU  |b vie 
041 # # |a vie 
044 # # |a vn 
100 # # |a Đặng Đức Khương. 
245 # # |a Bổ sung một giống, 5 loài bọ xít thuộc phân họ coreinae (Conreidae - Heteroptera) cho Việt Nam /  |c Đặng Đức Khương. 
653 # # |a Bọ xít 
653 # # |a Giống 
653 # # |a Loài 
773 # # |t Tạp chí sinh học  |g Số 2(30), 2008, tr. 18-21 
920 # # |a Phòng Tạp chí -- Trung tâm Thông tin - Thư viện Trường Đại học Đà Lạt 
994 # # |a DLU 
900 # # |a True 
911 # # |a Nguyễn Thị Linh Chi 
925 # # |a G 
926 # # |a A 
927 # # |a BB 
980 # # |a Thư viện Trường Đại học Đà Lạt